| 000 | 00522nam a2200157 a 4500 | ||
|---|---|---|---|
| 001 | 000037850 | ||
| 005 | 20201002031127.0 | ||
| 008 | 130307s2011 mx 000 0 spa d | ||
| 020 | _a9685146861 | ||
| 040 |
_aDO-SdBNP _bspa _cBNPHU |
||
| 100 | 1 |
_aStevenson, Robert Louis _964299 |
|
| 245 | 1 | 3 |
_aEl extraño caso del dr. Jekyll y mr. Hyde / _cRobert Louis Stevenson. |
| 260 |
_aMéxico : _bEdiciones Leyenda, _c2011. |
||
| 300 |
_a76 p. ; _c22 cm. |
||
| 500 | _aIncluye datos biográficos del autor en la solapa de la cubierta | ||
| 999 |
_c37340 _d37340 |
||